<marc:collection xmlns:xsi="http://www.w3.org/2001/XMLSchema-instance" xmlns:marc="http://www.loc.gov/MARC21/slim" xsi:schemaLocation="http://www.loc.gov/MARC21/slim http://www.loc.gov/standards/marcxml/schema/MARC21slim.xsd">
    <marc:record>
        <marc:leader>     nam a22      c 4500</marc:leader>
        <marc:controlfield tag="001">dowi.8/672006213</marc:controlfield>
        <marc:controlfield tag="003">nljbp</marc:controlfield>
        <marc:controlfield tag="005">250625041012.1</marc:controlfield>
        <marc:controlfield tag="007">cr |||||||||||</marc:controlfield>
        <marc:controlfield tag="008">250410s1999    ne |||||||||||||||||eng|d</marc:controlfield>
        <marc:datafield tag="010" ind1=" " ind2=" ">
            <marc:subfield code="a">  0098055950</marc:subfield>
        </marc:datafield>
        <marc:datafield tag="020" ind1=" " ind2=" ">
            <marc:subfield code="a">9789027299390</marc:subfield>
            <marc:subfield code="q">(e-Book)</marc:subfield>
        </marc:datafield>
        <marc:datafield tag="040" ind1=" " ind2=" ">
            <marc:subfield code="a">nljbp</marc:subfield>
            <marc:subfield code="b">eng</marc:subfield>
            <marc:subfield code="c">nljbp</marc:subfield>
            <marc:subfield code="d">nljbp</marc:subfield>
        </marc:datafield>
        <marc:datafield tag="050" ind1="0" ind2="0">
            <marc:subfield code="a">HM48</marc:subfield>
        </marc:datafield>
        <marc:datafield tag="082" ind1="0" ind2="0">
            <marc:subfield code="a">300/.7/2</marc:subfield>
            <marc:subfield code="2">21</marc:subfield>
        </marc:datafield>
        <marc:datafield tag="084" ind1=" " ind2=" ">
            <marc:subfield code="a">KJM</marc:subfield>
            <marc:subfield code="q">bicssc</marc:subfield>
        </marc:datafield>
        <marc:datafield tag="084" ind1=" " ind2=" ">
            <marc:subfield code="a">BUS085000</marc:subfield>
            <marc:subfield code="q">bisacsh</marc:subfield>
        </marc:datafield>
        <marc:datafield tag="245" ind1="0" ind2="0">
            <marc:subfield code="a">Action Research</marc:subfield>
            <marc:subfield code="b">From practice to writing in an international action research development program</marc:subfield>
            <marc:subfield code="c">Edited by Davydd J. Greenwood</marc:subfield>
        </marc:datafield>
        <marc:datafield tag="264" ind1=" " ind2="1">
            <marc:subfield code="a">Amsterdam ;</marc:subfield>
            <marc:subfield code="a">Philadelphia :</marc:subfield>
            <marc:subfield code="b">John Benjamins Publishing Company,</marc:subfield>
            <marc:subfield code="c">1999</marc:subfield>
        </marc:datafield>
        <marc:datafield tag="264" ind1=" " ind2="4">
            <marc:subfield code="c">©1999</marc:subfield>
        </marc:datafield>
        <marc:datafield tag="300" ind1=" " ind2=" ">
            <marc:subfield code="a">1 online resource (ix, 282 pp.)</marc:subfield>
        </marc:datafield>
        <marc:datafield tag="336" ind1=" " ind2=" ">
            <marc:subfield code="a">text</marc:subfield>
            <marc:subfield code="b">txt</marc:subfield>
            <marc:subfield code="2">rdacontent</marc:subfield>
        </marc:datafield>
        <marc:datafield tag="337" ind1=" " ind2=" ">
            <marc:subfield code="a">computer</marc:subfield>
            <marc:subfield code="b">c</marc:subfield>
            <marc:subfield code="2">rdamedia</marc:subfield>
        </marc:datafield>
        <marc:datafield tag="338" ind1=" " ind2=" ">
            <marc:subfield code="a">online resource</marc:subfield>
            <marc:subfield code="b">cr</marc:subfield>
            <marc:subfield code="2">rdacarrier</marc:subfield>
        </marc:datafield>
        <marc:datafield tag="490" ind1="0" ind2=" ">
            <marc:subfield code="a">Dialogues on Work and Innovation</marc:subfield>
            <marc:subfield code="x">1384-6671</marc:subfield>
            <marc:subfield code="v">8</marc:subfield>
        </marc:datafield>
        <marc:datafield tag="504" ind1=" " ind2=" ">
            <marc:subfield code="a">Includes bibliographical references and indexes.</marc:subfield>
        </marc:datafield>
        <marc:datafield tag="505" ind1="0" ind2=" ">
            <marc:subfield code="a">Preface -- 1. On the Design of the ACRES program / Hans van Beinum -- 2. Action Research Paradigms / Morten Levin -- 3. Research in ACRES / Claude Faucheux -- 4. Organizational Processes in ACRES / René van der Vlist -- 5. The Rhetoric of Action Research / Davydd J. Greenwood -- 6. The Rhetoric of Action Research / Siv Friis, John Puckett, Øystein Spjelkavik and Agneta Hansson -- 7. Applied Reasearch or Action Research? Different or Complementary Methods / Øystein Spjelkavik -- 8. Linking Social Science Working Life Research and work Reform / Kjell Eriksson -- 9. The Action Research Tradition in the United States / John Puckett and Ira Harkavy -- 10. Bottom-up Organizational Change / Bertil Olsson -- 11. Setting the Scene for Effection Dialogue Between Men and Women at Work / Ingrid Ljungberg van Beinum -- 12. Do We Need a Gender Perspective in Action research on Work Organizations? / Agneta Hansson -- 13. Learning to Learn / Ann Martin -- 14. How About a Dialogue? The Communicative Parspective Meets the Socioeclological Perspective / Henrik Dons Finsrud</marc:subfield>
        </marc:datafield>
        <marc:datafield tag="520" ind1=" " ind2=" ">
            <marc:subfield code="a">Supported bilaterally by Sweden and Norway, the Scandinavian Action Research Development Program (ACRES — Action Research in Scandinavia) emphasized conceptualizing research questions and self-conscious writing processes for experienced action researchers. Participants came from Norway, Sweden, Finland, Holland, Great Britain, and the United States.
A learning experiment in the tradition of Scandinavian industrial democracy, ACRES had both intellectual and organizational tensions common to action research projects. This book includes theoretical and historical overviews of action research, reflections on the writing process, narratives about the design and difficult internal processes of ACRES, and a selection of the participants’ writings. A particularly unique feature of the book is the discussion of the problematic relationship between action research and conventional modes of research writing and an analysis of the complex social processes collaboratively managed projects create, in combination with a set of participant cases.
</marc:subfield>
            <marc:subfield code="c">Provided by publisher.</marc:subfield>
        </marc:datafield>
        <marc:datafield tag="650" ind1="0" ind2="4">
            <marc:subfield code="a">Industrial &amp; organizational studies</marc:subfield>
        </marc:datafield>
        <marc:datafield tag="700" ind1="1" ind2=" ">
            <marc:subfield code="a">Greenwood, Davydd J.</marc:subfield>
            <marc:subfield code="e">editor</marc:subfield>
        </marc:datafield>
        <marc:datafield tag="776" ind1="1" ind2=" ">
            <marc:subfield code="i">Paperback version:</marc:subfield>
            <marc:subfield code="d">Amsterdam ; Philadelphia : John Benjamins Publishing Company, 1999</marc:subfield>
            <marc:subfield code="z">9789027217783</marc:subfield>
        </marc:datafield>
        <marc:datafield tag="856" ind1="4" ind2="0">
            <marc:subfield code="z">DOI</marc:subfield>
            <marc:subfield code="u">https://doi.org/10.1075/dowi.8</marc:subfield>
        </marc:datafield>
        <marc:datafield tag="856" ind1="4" ind2="0">
            <marc:subfield code="z">JB e-Platform</marc:subfield>
            <marc:subfield code="u">https://www.jbe-platform.com/content/books/9789027299390</marc:subfield>
        </marc:datafield>
    </marc:record>
</marc:collection>